000 00566nam a2200229Ia 4500
003 OSt
005 20221005132041.0
006 a|||||r|||| 00| 0
007 ta
008 221004b |||||||| |||| 00| 0 tel d
024 _a61297
037 _cTextual
040 _aCRL
_cCRL
_btel
041 _2tel
_atel
082 _aW216, L7
100 _aRamanuja Rao D. Ed.
_9640536
245 0 _aTelugu vitalikulu
260 _c1977
650 _aPOLITICAL SCIENCE
942 _hW216, L7
_cTEXL
_2cc
999 _c1062303
_d1062303